000 01176nam0a2200301 4500
001 RU\NLR\bibl\458226
005 20260405071158.0
021 _aRU
_b2003-54476
_92644
035 _a(NLR Aleph) 000451739
090 _a878350
_c878350
100 _a20031112d2003 |||y0rusy50 ca
101 0 _arus
102 _aRU
105 _ay |||||||||
200 1 _aЖитие великомученицы Екатерины Александрийской с приложением акафиста, молитв и других необходимых сведений
210 _aМ.
_cСтаврос
_d2003
215 _a30, [1] с.
_d20
225 1 _aПомощник и покровитель
600 0 _aЕкатерина Александрийская
_cсвятая
_f- ок. 307
_92318480
_3RU\NLR\auth\661387166
686 _aЭ372.24-574.8
702 0 _4570
_8rus
_7ca
_aЕкатерина Александрийская
_cсвятая
_f-ок.307
_3RU\NLR\auth\7717728
_9814
801 0 _aRU
_bNLR
_c20031112
_gPSBO
801 1 _aRU
_bNLR
_c20031112
942 _cBOOK
980 _aNB